000 00361nam a22001337a 4500
020 _a0-471-63375-5
082 _a658.4 CIH'M
100 _aCIAMPA, DAN
_979850
245 _aMANUFACTURING NEW MANDATE ,THE TOOLS FOR LEADERSHIP
260 _aNEWYORK
_bJOHN WILEY
_c1988
300 _a233P
650 _aUNITED STATES MANUFATURING MANAGEMENT
_979851
942 _cBK
999 _c584844
_d584844